Освещение региональными СМИ проблем государственного управления межэтническими отношениями (на примере Томской области); Актуальные проблемы гуманитарных наук

Detalles Bibliográficos
Parent link:Актуальные проблемы гуманитарных наук.— 2002.— С. 13-14.
Autor principal: Голубев М. В.
Lenguaje:ruso
Publicado: 2002
Materias:
Formato: Capítulo de libro
KOHA link:https://koha.lib.tpu.ru/cgi-bin/koha/opac-detail.pl?biblionumber=95522

MARC

LEADER 00000naa2a2200000 4500
001 95522
005 20231031110155.0
035 |a (RuTPU)RU\TPU\book\102283 
090 |a 95522 
100 |a 20060427d2002 k y0rusy50 ca 
101 0 |a rus 
102 |a RU 
200 1 |a Освещение региональными СМИ проблем государственного управления межэтническими отношениями (на примере Томской области)  |f М. В. Голубев 
463 0 |0 (RuTPU)RU\TPU\book\68542  |t Актуальные проблемы гуманитарных наук  |o Труды 1 региональной научно-практической конференции студентов, аспирантов и молодых ученых. 8-15 апреля 2002  |f Томский политехнический университет  |v С. 13-14.  |d 2002  |p 208 с. 
610 1 |a СМИ 
610 1 |a межэтнические отношения 
610 1 |a Томская область 
610 1 |a региональные СМИ 
610 1 |a национальная политика 
610 1 |a труды учёных ТПУ 
700 1 |a Голубев  |b М. В. 
801 1 |a RU  |b 63413507  |c 20060427  |g PSBO 
942 |c BK